Shakespeare-lexicon. A complete dictionary of all the English words, phrases and constructions in the works of the poet (Record no. 431285)

000 -LEADER
fixed length control field 00538cam a22001457a 4500
008 - FIXED-LENGTH DATA ELEMENTS--GENERAL INFORMATION
fixed length control field 180718b1886 xxu||||| |||| 00| 0 eng d
082 ## - DEWEY DECIMAL CLASSIFICATION NUMBER
Classification number A38 Sh15 Sch52/2
100 ## - MAIN ENTRY--PERSONAL NAME
Personal name Schmidt, Alexander
245 ## - TITLE STATEMENT
Title Shakespeare-lexicon. A complete dictionary of all the English words, phrases and constructions in the works of the poet
Statement of responsibility, etc. by Alexander Schmidt
250 ## - EDITION STATEMENT
Edition statement 2nd ed.
260 ## - PUBLICATION, DISTRIBUTION, ETC.
Place of publication, distribution, etc. Berlin
Name of publisher, distributor, etc. G. Reimer
Date of publication, distribution, etc. 1886
300 ## - PHYSICAL DESCRIPTION
Extent v
500 ## - GENERAL NOTE
General note Contents; v.2. M-Z, 1450p;
650 ## - SUBJECT ADDED ENTRY--TOPICAL TERM
Topical term or geographic name entry element Shakespeare, William, 1564-1616 --Language --Glossaries, etc.
Holdings
Withdrawn status Lost status Damaged status Not for loan Permanent Location Current Location Date acquired Full call number Barcode Date last seen Price effective from Koha item type
        Indian Institute of Public Administration Indian Institute of Public Administration 2010-01-18 A38 Sh15 Sch52/2 A1108 2018-07-21 2018-07-21 A

Powered by Koha